Vplyv kurzovej formy vyučovania zimných športov na zmenu postojov žiakov stredných škôl k učiteľom telesnej a športovej výchovy (monografia)

Bibliographic Details
Main Authors: Beťák, Boris, 1986- (Author), Michal, Jiří, 1961- (Author)
Format: Book
Language:Slovak
PhysicalDescription:141 s. grafy, tab. 21 cm
Published: Banská Bystrica Belianum Univerzita Mateja Bela 2015
ISBN:9788055709338
Edition:1. vyd.
Series:Filozofická fakulta
Subjects:

MARC

LEADER 00000cam a2200000 ab4500
001 vtls011427375
003 SK-MaSNL
005 20260426005727.0
008 181130s2015 xo da g n 000 0 slo
015 |a SNBA2016/01 
020 |a 9788055709338  |q (brož.) 
035 |a urn:nbn:sk:snk-am00b7ms 
035 |a urn:nbn:sk:snk-am3h8k4 
035 |a 997B2688-B293-4A1D-93CA-35A5BC08CAAA 
040 |a SNK  |b slo  |c SNK  |e AACR2 
041 0 |a slo 
043 |a e-xo--- 
044 |a xo  |c SK 
072 7 |a 796  |x Šport. Hry. Telesné cvičenia  |2 konspekt 
072 7 |a 37  |x Výchova a vzdelávanie  |2 konspekt 
080 |a 796.9  |2 2001 
080 |a 373.5.011.3-052  |2 2001 
080 |a 373.5.011.3-051  |2 2001 
080 |a 37.012  |2 2001 
080 |a (437.64)  |2 2011 
080 |a (048.8)  |2 2011 
080 |a 37.016:796/799  |2 2001 
080 |a 371.336  |2 2001 
080 |a 37.064.2  |2 2001 
100 1 |a Beťák, Boris,  |d 1986-  |4 aut  |9 258432 
245 1 0 |a Vplyv kurzovej formy vyučovania zimných športov na zmenu postojov žiakov stredných škôl k učiteľom telesnej a športovej výchovy  |b (monografia)  |c Boris Beťák, Jiří Michal 
250 |a 1. vyd. 
260 |a Banská Bystrica  |b Belianum  |b Univerzita Mateja Bela  |c 2015 
300 |a 141 s.  |b grafy, tab.  |c 21 cm 
366 |e 100 výt. 
490 1 |a Filozofická fakulta 
504 |a Bibliogr.: s. 114-136 
650 0 7 |a stredoškolskí študenti  |2 SNKPH  |9 3980 
650 0 7 |a stredoškolskí učitelia  |2 SNKPH  |9 4274 
650 0 7 |a Secondary school students  |2 SNKPHeng  |9 325071 
650 0 7 |a Secondary school teachers  |2 SNKPHeng  |9 326540 
650 0 7 |a zimné športy  |2 SNKPH  |9 1231 
650 0 7 |a kurzy  |2 SNKPH  |9 29103 
650 0 7 |a učiteľ a žiak  |2 SNKPH  |9 2637 
650 0 7 |a Teacher and learner  |2 SNKPHeng  |9 319749 
650 0 7 |a pedagogický výskum  |2 SNKPH  |9 69315 
650 0 7 |a Winter sports  |2 SNKPHeng  |9 330690 
650 0 7 |a telesná výchova  |2 SNKPH  |9 708 
650 0 7 |a Physical education  |2 SNKPHeng  |9 265416 
650 0 7 |a Educational research  |2 SNKPHeng  |9 321747 
651 7 |a Slovensko stredné  |2 SNKPH  |9 163655 
651 7 |a Central Slovakia  |2 SNKPHeng  |9 350056 
655 7 |a monografie  |2 SNKPH  |9 70139 
655 7 |a Monographs  |2 SNKPHeng  |9 120675 
700 1 |a Michal, Jiří,  |d 1961-  |4 aut  |9 258428 
810 2 |a Univerzita Mateja Bela v Banskej Bystrici.  |t Filozofická fakulta  |9 133058 
852 |a Štátna vedecká knižnica v Banskej Bystrici 
919 |a 978-80-557-0933-8 
958 |a NB 
999 |c 1015350  |d 1017280 
952 |a SNK  |b SNK  |y PREZ  |7 0  |p 17A1176439  |o snkSC 167433  |i snk2015/33693  |8 0  |0 0  |1 0  |4 0  |d 2015-12-16  |f 1  |l 0  |r 2026-02-24 13:06:32  |w 2026-02-24 
952 |a SNK  |b SNK  |y VYP  |7 0  |p 17A1176440  |o snkSC 167433 D1  |i snk2015/33694  |8 0  |0 0  |1 0  |4 0  |d 2015-12-16  |l 0  |r 2026-02-24 13:06:32  |w 2026-02-24